000
00288nam a22001217a 4500
008
181204b xxu||||| |||| 00| 0 eng d
041
_a
eng
080
_2
3 th
_a
573
100
_a
11
101
_a
BIO
245
_a
Molecular Biology Made Simple And Fun
_c
Calrk D.P
942
_2
udc
_c
BK
999
_c
52772
_d
52772